|
|
|
|
| LEADER |
00719nab a2200205 i 4500 |
| 001 |
acta68218 |
| 005 |
20230327150800.0 |
| 008 |
200513s2019 hu o 0|| hun d |
| 022 |
|
|
|a 0237-7934
|
| 040 |
|
|
|a SZTE Egyetemi Kiadványok Repozitórium
|b hun
|
| 041 |
|
|
|a hun
|
| 100 |
1 |
|
|a Szíjártó M. István
|
| 245 |
1 |
2 |
|a A Habsburgok pénzügyi-katonai állama
|h [elektronikus dokumentum] /
|c Szíjártó M. István
|
| 260 |
|
|
|c 2019
|
| 300 |
|
|
|a 162-167
|
| 490 |
0 |
|
|a Aetas
|v 34 No. 3
|
| 650 |
|
4 |
|a Bölcsészettudományok
|
| 650 |
|
4 |
|a Történettudomány és régészet
|
| 695 |
|
|
|a Alsó-Ausztria története - könyvismertetés
|
| 856 |
4 |
0 |
|u http://acta.bibl.u-szeged.hu/68218/1/aetas_2019_003_162-167.pdf
|z Dokumentum-elérés
|